Datum a čas kvízu
32.5
Celkem bodů
Celkový počet nahraných bodů na tomto kvízu bez doplňovacích otázek.
3.
Pořadí na kvízu
Konečné umístění týmu na tomto kvízu.
Zaznamenané odpovědi
| # | Otázka | Odpověď | Body | Výsledky |
|---|---|---|---|---|
| 1. | Plzeň má nového primátora. Nej... | Roman Zarzycký, hnutí ANO | 0 | |
| 2. | Jistá evropská metropole se ro... | Berlín | 0 | |
| 3. | Fanouškům v pražské O<sub>2</s... | 50 Cent | 1 | |
| 4. | Jeden z nejznámějších snímků d... | D) Sloupy stvoření | 1 | |
| 5. | Sedmatřicetiletá česká tenistk... | Lucie Hradecká | 1 | |
| 6. | Ve výběru tohoto tématu na vás... | FK Teplice | 1 | |
| 7. | Snímek Padesát odstínů šedi vz... | Stmívání (Twilight) | 0 | |
| 8. | Bílá nemoc je české protiváleč... | Galén, Hugo Haas | 1 | |
| 9. | Napište název snímku režiséra... | Rudá volavka (Red Sparrow) | 1 | |
| 10. | Černá kočka, bílý kocour je bl... | Emir Kusturica | 0 |